000 00631nam a22002297a 4500
003 OSt
005 20150903145708.0
008 150903b xxu||||| |||| 00| 0 eng d
020 _a9780071317856
040 _cDDC
082 _222nd ed.
_a657 FUN 2013
100 _aEdmonds, Thomas P.
_95654
245 _aFundamentals of financial concepts
250 _a8th ed.
260 _aNew York;
_bMcGraw hill,
_c2013
300 _axxxiv,798p;
_bcol.ill:
_c28cm
504 _aAppendices, glossary, & index included
650 _aFinancial accounting
_95655
650 _aAccounts
_94545
700 _a[et al]
_9867
942 _2z
_cO_SHELF
999 _c2221
_d2221